Laboratory Medicine (Record no. 16784)

MARC details
000 -LEADER
fixed length control field 00553nam a22001697a 4500
003 - CONTROL NUMBER IDENTIFIER
control field OSt
005 - DATE AND TIME OF LATEST TRANSACTION
control field 20200404125740.0
008 - FIXED-LENGTH DATA ELEMENTS--GENERAL INFORMATION
fixed length control field 200404b mp ||||| |||| 00| 0 mon d
020 ## - INTERNATIONAL STANDARD BOOK NUMBER
International Standard Book Number 9788007180551
040 ## - CATALOGING SOURCE
Original cataloging agency Анагаах ухааны төв номын сан
082 ## - DEWEY DECIMAL CLASSIFICATION NUMBER
Classification number 616,0
245 ## - TITLE STATEMENT
Title Laboratory Medicine
Remainder of title The Diagnosis of Disease in Clinical Laboratory
546 ## - LANGUAGE NOTE
Хэл English
650 ## - SUBJECT ADDED ENTRY--TOPICAL TERM
Source of heading or term Diagnosis of diseases, Clinical laboratory
856 ## - Цахимаар унших
Цахимаар унших <a href="https://online.fliphtml5.com/lluzx/mjvn/">https://online.fliphtml5.com/lluzx/mjvn/</a>
Public note Цахимаар унших
942 ## - ADDED ENTRY ELEMENTS (KOHA)
Source of classification or shelving scheme Dewey Decimal Classification
Koha item type Цахим ном
Holdings
Date last seen Total Checkouts Full call number Price effective from Koha item type Lost status Source of classification or shelving scheme Damaged status Not for loan Withdrawn status Home library Current library Date acquired
04/04/2020   616,0 04/04/2020 Цахим ном   Dewey Decimal Classification       Эрдэм шинжилгээний номын сан Эрдэм шинжилгээний номын сан 04/04/2020